000 01396nam a2200325 4500
003 EG-GICUC
005 20260121101647.0
008 260105s2004 ua ||||fr|||| 00| 0 ara d
017 _a17176
040 _a EG-GICUC
_bara
_c EG-GICUC
_d EG-GICUC
_erda
041 0 _aara
082 0 4 _221
_a345.7
_bع ب . أ
092 0 4 _221
099 _aLaw1 07 345.7 ع ب . أ 2004
100 0 _aعبدالعزيز عبدالمنعم خليفه
_eمؤلف.
245 1 2 _aالأسس العامة للعقود الإدارية :
_bالإبرام - التنفيذ - المنازعات في ضوء أحدث أحكام مجلس الدولة و وفقاً لأحكام قانون المناقصات والمزايدات /
_cعبدالعزيز عبدالمنعم خليفه.
264 1 _aالأسكندرية :
_bدار الفكر الجامعي،
_c[2004].
300 _a403 صفحة ؛
_c24 سم.
336 _2rda content
_atext
337 _2rda media
_aComputer
338 _2rda carrier
_aOnline Resource
504 _aيحتوي على قائمة بالمراجع
546 _aالنص باللغة العربية
650 1 4 _aالعقود الإدارية
_xالقانون الاداري
650 1 4 _aابرام العقود الإدارية
650 1 4 _aالمنازعات
856 4 0 _uhttps://fll.law.cu.edu.eg/fulltext/bks/B07-02570.pdf
905 _a75
942 _2ddc
_n0
_cBK
_e21
999 _c54519
_d54519